00417nam a2200109Ia 4500008004100000100001800041245010200059260004600161300001800207650001300225856006900238160712s9999 xx 000 0 und d aYacat, Jay A. cJay A. YacataTungo sa Isang Mas Mapagbuong Sikolohiya: Hamon sa Makabagong Sikolohiyang Pilipino c2013bDaluyan: Journal ng Wikang Filipino avol. 19 no. 2 xFILIPINO uhttp://journals.upd.edu.ph/index.php/djwf/issue/view/396/showToc